The divans of the six ancient arabic poets Ennabiga, Antara, Tharafa, Zuhair, Alqama and Imruulgais chiefly according to the M.S.S. of Paris Gotha and Leyden / (Record no. 57211)

MARC details
000 -LEADER
campo de control de longitud fija 00567nam a2200157 i 4500
001 - NÚMERO DE CONTROL
campo de control 57211
003 - IDENTIFICADOR DE NÚMERO DE CONTROL
campo de control ES-MaACL
005 - FECHA Y HORA DE LA ÚLTIMA TRANSACCIÓN
campo de control 20230906163532.0
007 - CAMPO FIJO DE DESCRIPCIÓN FÍSICA--INFORMACIÓN GENERAL
campo de control de longitud fija t|
008 - DATOS DE LONGITUD FIJA--INFORMACIÓN GENERAL
campo de control de longitud fija 031015s1913 fr ||||1| eng d
245 04 - MENCIÓN DEL TÍTULO
Título The divans of the six ancient arabic poets Ennabiga, Antara, Tharafa, Zuhair, Alqama and Imruulgais chiefly according to the M.S.S. of Paris Gotha and Leyden /
Mención de responsabilidad, etc. edited by W. Ahlwardt.
260 ## - PUBLICACIÓN, DISTRIBUCIÓN, ETC.
Lugar de publicación, distribución, etc. [S.l. :
Nombre del editor, distribuidor, etc. s.n.,
Fecha de publicación, distribución, etc. 1913] (
Lugar de fabricación/manufactura Paris :
Fabricante Paul Geuthier)
300 ## - DESCRIPCIÓN FÍSICA
Extensión 1 v. ;
Dimensiones 24 cm.
700 1# - ENTRADA AGREGADA--NOMBRE PERSONAL
Nombre de persona Ahlwardt, Wilhelm.
9 (RLIN) 141881
852 ## - LOCALIZACIÓN
Ubicación ES-MaACL
Número de control de estantería F-798
Holdings
Estatus retirado Estado de pérdida Estado de daño No para préstamo Biblioteca de origen Biblioteca actual Ubicación en estantería Fecha de adquisición Fuente de adquisición Total de préstamos Signatura topográfica completa Código de barras Visto por última vez Precio de reemplazo Tipo de ítem Koha
        Biblioteca del Ateneo de Madrid Biblioteca del Ateneo de Madrid Depósito 2 17/01/2008     F-798 1060069 23/02/2023 23/02/2023 Libro impreso